000
00286nam a2200109Ia 4500
008
220204s9999 xx 000 0 und d
082
_a
635.82
_b
BHO
100
_a
Bhowmik, K L
245
0
_a
Mushroom cultivation manual
260
_a
Calcutta
_b
Action research Institute
_c
1994
942
_c
BK
999
_c
40761
_d
40761